000 00584nam a2200193Ia 4500
003 GCL
008 140319s9999 xx 000 0 ara d
040 _aGCL /
_cGCL
082 0 4 _a346.4
_bس ت
100 1 _aسيد مرعى
245 1 0 _aالتعاون الزراعى على ابواب مرحلة جديدة /
_cسيد مرعى
300 _a118 ص
490 _aاخترنا للفلاح
_v0
650 0 4 _aالتعاون
650 0 4 _aالتعاون الزراعى
650 0 4 _aالتسويق التعاون
650 0 4 _aالمزارع التعاونية
942 _2ddc
_cBK
999 _c42262
_d42262